Word Ladder: Madonna Nirvana Quiz Stats

Quiz Updated Dec 11, 2015

Challenge
Share
Tweet
Embed
Score 0/21 Timer 02:00
1 Play Today
Clue 4-Letter Word % Correct
• Madonna: 'Truth or ____' •DARE
98.9%
Pub item thrown at a boardDART
98.3%
• Nirvana singer: ____ Cobain •KURT
97.6%
• '____ and Roll Madonna' (Elton John) •ROCK
97.2%
Running contestRACE
96.6%
Nintendo's Mario ____KART
95.5%
TV's 'Saturday Night ____'LIVE
95.4%
• '____ a Virgin' or 'Smells ___ Teen Spirit' •LIKE
95.3%
Salt ____ City, UtahLAKE
95.3%
Spice-jar holderRACK
94.4%
An overnight dance party with techno musicRAVE
94%
Clue 4-Letter Word % Correct
• Nirvana drummer: ____ Grohl •DAVE
93.8%
Respiratory organLUNG
92.7%
Orange roadside markerCONE
88.7%
Bowler's divisionLANE
88.3%
'Clair de ____' by Claude DebussyLUNE
86.7%
• Madonna Hit: 'Living for ____' (2015) •LOVE
86.5%
Creek, coastal inletCOVE
84.8%
Male birdCOCK
84.3%
____ out: to go pffftCONK
76.7%
• Madonna Hit: '____ Up' (2005) •HUNG
67.5%

Today's Daily Dose

Word Ladder
KISS Hit

On This Day
January 22nd

You're not logged in!

Compare scores with friends on all Sporcle quizzes.
Sign Up with Email
OR
Log In

You Might Also Like...

Show Comments

Extras

Top Quizzes Today


Score Distribution

Your Account Isn't Verified!

In order to create a playlist on Sporcle, you need to verify the email address you used during registration. Go to your Sporcle Settings to finish the process.